000 01629nam a2200349 i 4500
001 000022307
003 DO-SdBPM
005 20250620112952.0
007 ta
008 100927s1999 dr 000 0 spa d
020 _a8492373644
040 _aDO-SdBPM
_bspa
_cBNPHU
_erda
041 _aspa
082 4 _a327.7207293
_bM611r 1999
_222
245 0 0 _aMéxico y República Dominicana :
_bperspectiva histórica y contemporánea /
_ccompilador Pablo A. Mariñez ; editor José Chez Checo.
264 4 _aSanto Domingo :
_bComisión Permanente de la Feria del Libro,
_c©1999.
300 _a377 páginas ;
_c24 cm.
336 _atexto
_btxt
_2rdacontent
337 _asin mediación
_bn
_2rdamedia
338 _avolumen
_bnc
_2rdacarrier
500 _aIncluye referencias bibliográficas y notas al pie de las páginas
505 0 _aPresentación -- Desarrollo histórico político de República Dominicana y México: paralelismos, coincidencias y diferencias --Primera parte. Pedro Henríquez Ureña, y las relaciones culturales dominico-mexicanas --Segunda parte. Documentos histórico-políticos --Tercera parte. Visitas presidenciales -- Datos bio-bibliográficos
590 _aInventariado, 2025/VM
650 7 _aIntercambio literario y científico
650 7 _aRelaciones internacionales y cultura
651 7 _aRepública Dominicana
_xRelaciones exteriores
_zMéxico
651 7 _aMéxico
_xRelaciones exteriores
_zRepública Dominicana
700 1 _aMariñez, Pablo A.,
_ecompilador
_4 comp.
700 1 _aChez Checo, José,
_d1949-
_eeditor
_4ed.
910 _aVMateo V. Control de calidad. BPMSU
942 _2ddc
_cBK
999 _c15191
_d15191